000 00298nam a22001337a 4500
008 170602b xxu||||| |||| 00| 0 eng d
020 _a9780765609052
041 _aeng
080 _a94(4)
100 _a17
101 _aAHH
245 _aEUROPEAN HISTORY HIGWAY
_cTRINKLE.D.A
942 _2udc
_cBK
999 _c15674
_d15674